Մեր պատարագը / (Record no. 447299)
[ view plain ]
| 000 -LEADER | |
|---|---|
| fixed length control field | 01014nam a2200253 a 4500 |
| 003 - CONTROL NUMBER IDENTIFIER | |
| control field | AM-YeHGA |
| 040 ## - CATALOGING SOURCE | |
| Original cataloging agency | AM-YeHGA |
| 090 ## - LOCALLY ASSIGNED LC-TYPE CALL NUMBER (OCLC); LOCAL CALL NUMBER (RLIN) | |
| -- | 450182 |
| 005 - DATE AND TIME OF LATEST TRANSACTION | |
| control field | 20250618075249.0 |
| 008 - FIXED-LENGTH DATA ELEMENTS--GENERAL INFORMATION | |
| fixed length control field | 191125s2019 ai gr 000 0 arm|| |
| 020 ## - INTERNATIONAL STANDARD BOOK NUMBER | |
| International Standard Book Number | 9789939592275 |
| 041 0# - LANGUAGE CODE | |
| Language code of text/sound track or separate title | arm |
| 100 0# - MAIN ENTRY--PERSONAL NAME | |
| Personal name | Վազգեն |
| Numeration | Ա, |
| Titles and words associated with a name | Ամենայն Հայոց Կաթողիկոս, |
| Dates associated with a name | 1908-1994 |
| 9 (RLIN) | 3636 |
| 245 10 - TITLE STATEMENT | |
| Title | Մեր պատարագը / |
| Statement of responsibility, etc. | Վազգեն Վարդապետ ; Առաջաբան՝ Պ․ Հակոբյան․ |
| 250 ## - EDITION STATEMENT | |
| Edition statement | Երրորդ արևելահայերեն հրատարակություն |
| 260 ## - PUBLICATION, DISTRIBUTION, ETC. | |
| Place of publication, distribution, etc. | Էջմիածին : |
| Name of publisher, distributor, etc. | Մայր Աթոռ Ս. Էջմիածին, |
| Date of publication, distribution, etc. | 2019. |
| 300 ## - PHYSICAL DESCRIPTION | |
| Extent | 119 էջ ; |
| Dimensions | 6,5 սմ. |
| 440 #0 - SERIES STATEMENT/ADDED ENTRY--TITLE | |
| Title | Հոգևոր ընթերցումներ |
| 500 ## - GENERAL NOTE | |
| General note | Վազգեն Ա =Պալճյան Վազգեն |
| 610 04 - SUBJECT ADDED ENTRY--CORPORATE NAME | |
| Corporate name or jurisdiction name as entry element | Հայաստանյայց Առաքելական Սուրբ Եկեղեցի |
| 650 14 - SUBJECT ADDED ENTRY--TOPICAL TERM | |
| Topical term or geographic name entry element | Պատարագներ |
| 9 (RLIN) | 7 |
| 700 1# - ADDED ENTRY--PERSONAL NAME | |
| Personal name | Հակոբյան, Պ․ |
| Relator term | առաջաբան |
| Relationship | aui |
| 942 ## - ADDED ENTRY ELEMENTS (KOHA) | |
| Source of classification or shelving scheme | Universal Decimal Classification |
| Koha item type | Գրքեր / Books |
| Withdrawn status | Lost status | Source of classification or shelving scheme | Damaged status | Not for loan | Collection | Home library | Current library | Date acquired | Total checkouts | Full call number | Barcode | Date last seen | Price effective from | Koha item type | Public note |
|---|---|---|---|---|---|---|---|---|---|---|---|---|---|---|---|
| Universal Decimal Classification | General | Fundamental Scientific Library | Fundamental Scientific Library | 19/02/2020 | AI/21482 | FL0622926 | 19/02/2020 | 19/02/2020 | Գրքեր / Books | 30 Days Loan |
ՀՀ Գիտությունների ազգային ակադեմիայի հիմնարար գիտական գրադարան = Fundamental Scientific Library of NAS RA
All site content, except where otherwise noted, is licensed under a